| 000 | 00522nam a2200109Ia 4500 | ||
|---|---|---|---|
| 008 | 231129s9999||||xx |||||||||||||| ||spa|| | ||
| 020 | _a978-958-775-396-7 | ||
| 082 | _a634.425 G748g | ||
| 245 | 0 | _aGranadilla (Passiflora ligularis Juss): caracterización ecofisiológica del cultivo | |
| 264 | _aBogotá Colombia : Universidad Nacional de Colombia. Facultad de Ciencias: Colciencias: Corporación Centro de Desarrollo Tecnológico de las Pasifloras de Colombia - CEPASS | ||
| 942 |
_2ddc _cBKS |
||
| 999 |
_c14625 _d14625 |
||